[Event "57th World Juniors 2018"]
[Site "Manavgat TUR"]
[Date "2018.09.07"]
[Round "4.52"]
[White "Zrikem, Nassim"]
[Black "Galperin, Platon"]
[Result "0-1"]
[WhiteTitle "CM"]
[WhiteElo "2066"]
[BlackElo "2348"]
[WhiteFideId "9002693"]
[BlackFideId "14165414"]
[EventDate "2018.09.05"]

1. Nf3 Nf6 2. g3 b5 3. Bg2 Bb7 4. O-O e6 5. d3 Be7 6. e4 d6 7. Nbd2 O-O 8. a4 b4
9. Re1 a5 10. e5 Nfd7 11. h4 dxe5 12. Nxe5 Bxg2 13. Kxg2 Nxe5 14. Rxe5 Nc6 15.
Re1 Qd7 16. Nc4 Rad8 17. Be3 f5 18. f3 e5 19. Bf2 Bf6 20. Qd2 Qf7 21. Rad1 Qg6
22. Rh1 h5 23. Qe2 Rde8 24. c3 bxc3 25. bxc3 e4 26. dxe4 fxe4 27. f4 Bxc3 28.
Ne3 Bb4 29. Rd5 Nd8 30. Rg5 Qc6 31. Qxh5 Ne6 32. Rg4 Bd2 33. Rd1 Bxe3 34. Bxe3
Qc3 35. Kf2 Rd8 36. Re1 Qc2+ 37. Re2 Qxa4 38. Qg6 Qd7 39. h5 Qf7 40. Qxe4 Rde8
41. Qg6 a4 42. Qxf7+ Kxf7 43. Ra2 Ra8 44. Ke2 Rfe8 45. f5 Nc5 46. Rc4 Ra5 47.
Kf3 Nd7 48. Rxc7 Rxf5+ 49. Bf4 Re7 50. Rxa4 Rxh5 51. Re4 0-1

[Event "57th World Juniors 2018"]
[Site "Manavgat TUR"]
[Date "2018.09.07"]
[Round "4.53"]
[White "Repka, Christopher"]
[Black "Samani, Yamac"]
[Result "1-0"]
[WhiteTitle "GM"]
[BlackTitle "FM"]
[WhiteElo "2523"]
[BlackElo "2226"]
[WhiteFideId "14918781"]
[BlackFideId "6352634"]
[EventDate "2018.09.05"]

1. c4 e6 2. Nc3 d5 3. d4 Be7 4. Bf4 Nf6 5. e3 O-O 6. a3 b6 7. cxd5 exd5 8. Bd3
Bb7 9. Nge2 Nbd7 10. b4 Re8 11. Nb5 c6 12. Nc7 Nh5 13. Nxe8 Nxf4 14. Nxf4 Qxe8
15. O-O Bd6 16. Qf3 Nf6 17. Nh5 Nxh5 18. Qxh5 g6 19. Qe2 Qe7 20. Ba6 Re8 21.
Bxb7 Qxb7 22. Rac1 Re6 23. Rc3 Bb8 24. g3 f5 25. Rfc1 Qd7 26. b5 cxb5 1-0

[Event "57th World Juniors 2018"]
[Site "Manavgat TUR"]
[Date "2018.09.07"]
[Round "4.54"]
[White "Sanal, Vahap"]
[Black "Can, Melih Kaan"]
[Result "0-1"]
[WhiteTitle "GM"]
[WhiteElo "2502"]
[BlackElo "2195"]
[WhiteFideId "6300545"]
[BlackFideId "6317383"]
[EventDate "2018.09.05"]

1. c4 Nf6 2. Nc3 c6 3. e4 d6 4. d4 g6 5. Nf3 Bg7 6. Be2 O-O 7. O-O Nbd7 8. e5
Ne8 9. Bf4 dxe5 10. dxe5 Nc7 11. Re1 Ne6 12. Bg3 Qc7 13. Bf1 a5 14. Qc2 Ndc5 15.
b3 Bh6 16. Kh1 Qb6 17. Rad1 Ng7 18. Bh4 Re8 19. h3 Nf5 20. Bg5 Bxg5 21. Nxg5 a4
22. bxa4 Qa5 23. Qc1 h6 24. Nge4 Nxe4 25. Rxe4 Be6 26. Rd3 Red8 27. Rf3 Kg7 28.
Qa3 Rd7 29. c5 Rad8 30. Qb4 Qa7 31. g4 Nh4 32. Rfe3 g5 33. Bc4 Rd4 34. Rxd4 Rxd4
35. Re4 Bd5 36. Nxd5 Rxe4 37. Nxe7 Qa6 38. Bxa6 Rxb4 39. Bd3 Rxa4 0-1

[Event "57th World Juniors 2018"]
[Site "Manavgat TUR"]
[Date "2018.09.07"]
[Round "4.55"]
[White "Karaoglan, Doruk"]
[Black "Morozov, Nichita"]
[Result "0-1"]
[BlackTitle "IM"]
[WhiteElo "2196"]
[BlackElo "2452"]
[WhiteFideId "6390927"]
[BlackFideId "13900897"]
[EventDate "2018.09.05"]

1. e4 d6 2. Nc3 g6 3. g3 Bg7 4. Bg2 e5 5. d3 Ne7 6. f4 Nbc6 7. Nge2 Be6 8. O-O
Qd7 9. Be3 Nd4 10. Qd2 h5 11. Nc1 h4 12. Qf2 hxg3 13. hxg3 O-O-O 14. Nd1 Bh3 15.
c3 Ndc6 16. Ne2 f5 17. Bxh3 Rxh3 18. Qg2 Rdh8 19. Nf2 R3h7 20. Rad1 exf4 21.
gxf4 g5 22. fxg5 Ng6 23. Nf4 Nh4 24. Qg3 Ne5 25. N2h3 fxe4 26. dxe4 Nhg6 27. Nf2
Nxf4 28. Bxf4 Rh4 29. Be3 Ng6 30. Bd4 Nf4 31. Rde1 Nh3+ 32. Nxh3 Rg4 0-1

[Event "57th World Juniors 2018"]
[Site "Manavgat TUR"]
[Date "2018.09.07"]
[Round "4.58"]
[White "Ongut, Tamas Gunes"]
[Black "Wadsworth, Matthew J"]
[Result "0-1"]
[WhiteTitle "FM"]
[BlackTitle "FM"]
[WhiteElo "2121"]
[BlackElo "2351"]
[WhiteFideId "770280"]
[BlackFideId "415804"]
[EventDate "2018.09.05"]

1. e4 e6 2. d4 d5 3. Nc3 dxe4 4. Nxe4 Bd7 5. Nf3 Bc6 6. Bd3 Nd7 7. O-O Ngf6 8.
Nxf6+ Qxf6 9. c3 Bxf3 10. Qxf3 Qxf3 11. gxf3 O-O-O 12. Bf4 Be7 13. Rad1 Bf6 14.
Rfe1 g6 15. Bc4 Nb6 16. Bb3 Rd7 17. a4 Rhd8 18. Bc1 Nd5 19. Bc2 c6 20. Kg2 a5
21. Bd3 b6 22. Be3 Kb7 23. Be2 h5 24. Rb1 Be7 25. Bc4 Rc7 26. Rbd1 Rcd7 27. Be2
Bd6 28. h3 Bc7 29. Bg5 Re8 30. Bc4 Bd8 31. Bxd8 Rexd8 32. Kg3 Ne7 33. Bb3 b5 34.
Bc2 b4 35. Re5 Nd5 36. cxb4 Nxb4 37. Be4 Kb6 38. Rc1 Rxd4 39. Rec5 R8d6 40. h4
f5 41. Bb1 Rd2 42. b3 R6d5 43. R5c3 Rb2 44. Kf4 Rxf2 45. Rg1 Rdd2 46. Kg5 Rg2+
47. Rxg2 Rxg2+ 48. Kh6 Rb2 49. Bd3 Nd5 50. Rc1 Rxb3 51. Bc4 Rxf3 52. Bxd5 exd5
53. Kxg6 Rg3+ 54. Kxh5 f4 55. Rf1 f3 56. Kh6 d4 57. h5 d3 58. Kh7 d2 59. h6 f2
60. Rd1 0-1

[Event "57th World Juniors 2018"]
[Site "Manavgat TUR"]
[Date "2018.09.07"]
[Round "4.59"]
[White "Murzin, Volodar"]
[Black "Gunduz, Umut Erdem"]
[Result "1/2-1/2"]
[WhiteTitle "FM"]
[WhiteElo "2349"]
[BlackElo "2119"]
[WhiteFideId "44155573"]
[BlackFideId "6381383"]
[EventDate "2018.09.05"]

1. e4 e5 2. Nf3 Nc6 3. Bc4 Bc5 4. d3 Nf6 5. O-O O-O 6. a4 d6 7. c3 a6 8. Nbd2 h6
9. Re1 Re8 10. Nf1 Ba7 11. Ng3 Be6 12. Bxe6 Rxe6 13. d4 d5 14. Nxe5 Nxe5 15.
dxe5 Nxe4 16. Nxe4 dxe4 17. Bf4 Qd3 18. Qe2 Qxe2 19. Rxe2 g5 20. Bg3 e3 21. fxe3
Rd8 22. Kf2 c6 23. Ke1 Bb8 24. Rd1 Rxd1+ 25. Kxd1 Bxe5 26. Bxe5 Rxe5 27. e4 f6
28. Kc2 Kf7 29. Kd3 Re7 30. Kd4 Re5 31. b4 Ke6 32. a5 Rb5 33. Rf2 h5 34. Rf5
Rxf5 35. exf5+ Kxf5 36. Kc5 Ke6 37. Kb6 f5 38. Kxb7 f4 39. Kxa6 g4 40. Kb7 f3
41. gxf3 gxf3 42. a6 f2 43. a7 f1=Q 44. a8=Q Qf7+ 45. Ka6 Qf1+ 46. Kb6 Qf2+ 47.
Kb7 Qf7+ 48. Kb8 Qf8+ 49. Ka7 Qf2+ 50. Ka6 1/2-1/2

[Event "57th World Juniors 2018"]
[Site "Manavgat TUR"]
[Date "2018.09.07"]
[Round "4.62"]
[White "Ozturk, Efe Hakan"]
[Black "Zlatin, Alexander"]
[Result "1/2-1/2"]
[WhiteTitle "CM"]
[WhiteElo "2065"]
[BlackElo "2312"]
[WhiteFideId "34550216"]
[BlackFideId "2810549"]
[EventDate "2018.09.05"]

1. d4 Nf6 2. c4 e6 3. Nf3 d5 4. g3 Be7 5. Bg2 O-O 6. O-O b6 7. Nc3 Bb7 8. Ne5
Na6 9. Qa4 c5 10. cxd5 exd5 11. Nc6 Bxc6 12. Qxc6 Nb4 13. Qa4 cxd4 14. Nb5 d3
15. exd3 Nxd3 16. Rd1 Nc5 17. Qc2 Ne6 18. Qe2 Bc5 19. Nc3 d4 20. Bxa8 Qxa8 21.
Na4 Ne4 22. Qf3 Kh8 23. Nxc5 bxc5 24. Re1 f5 25. g4 g6 26. Bh6 Rg8 27. Re2 Nc3
28. Qd3 Nxe2+ 29. Qxe2 Qe4 30. Re1 Qxe2 31. Rxe2 Re8 32. gxf5 gxf5 33. Re5 Rg8+
34. Kf1 Rg6 35. Bd2 Rf6 36. Ke2 c4 37. Ra5 Rf7 38. Re5 Re7 39. Kd1 Kg7 40. Rxf5
Kg6 41. Ra5 Kf6 42. f4 Rg7 43. f5 Rg1+ 44. Kc2 Ng7 45. Rc5 Nxf5 46. Rxc4 Rg2 47.
Rc6+ Ke5 48. h3 Kd5 49. Rc7 Ke4 50. b4 Ne3+ 51. Kc1 Nf1 52. Bh6 Ng3 53. Rxa7 Kd3
54. Ra3+ Kc4 55. Ra7 Ne2+ 56. Kd2 Nc3+ 57. Ke1 Nxa2 58. Rxh7 Nxb4 59. h4 Nd3+
60. Kf1 Rf2+ 61. Kg1 Rf5 62. Re7 Ne5 63. Kg2 d3 64. Rc7+ Kd4 65. Rc8 Ke4 66. Re8
Rh5 67. Bc1 Rxh4 68. Ra8 Nc4 69. Rd8 Ne3+ 70. Kf2 Rf4+ 71. Kg3 Rf3+ 72. Kh2 Nd5
73. Re8+ Kd4 74. Kg2 Rf5 75. Bb2+ Kc4 76. Rc8+ Kb3 77. Bc1 Nc3 78. Rd8 Kc2 79.
Bh6 Ne4 80. Rc8+ Kd1 81. Rd8 d2 82. Bxd2 Nxd2 83. Kg3 Kc2 84. Kg4 Rf7 85. Rd4
Kc3 86. Rf4 Rg7+ 87. Kf5 Kd3 88. Ke5 Ke3 89. Ra4 Rg5+ 90. Kf6 Rb5 91. Ke6 Ne4
92. Ra3+ Kf4 93. Ra1 Re5+ 94. Kd7 Rc5 95. Rf1+ Ke5 96. Re1 Rc3 97. Re2 Kd5 98.
Rh2 Nc5+ 99. Ke7 Re3+ 100. Kf6 Nd7+ 101. Kf5 Rf3+ 102. Kg5 Ne5 103. Ra2 Nc6 104.
Rd2+ Ke6 105. Ra2 Rf5+ 106. Kg4 Ne5+ 107. Kg3 Rf3+ 108. Kg2 Rc3 109. Ra8 Kf5
110. Rf8+ Ke4 111. Re8 Ra3 112. Kf2 Rf3+ 113. Kg2 Rf7 114. Kg3 Rf5 115. Re7 Rg5+
116. Kf2 Kf4 117. Ra7 Nd3+ 118. Ke2 Nc5 119. Rf7+ Ke4 120. Re7+ Kd4 121. Re8 Rd5
122. Kf3 Rd7 123. Re1 Rf7+ 124. Kg4 Ne4 125. Ra1 Rg7+ 126. Kf5 Rg5+ 127. Kf4 Rh5
128. Rd1+ Kc4 1/2-1/2

[Event "57th World Juniors 2018"]
[Site "Manavgat TUR"]
[Date "2018.09.07"]
[Round "4.65"]
[White "Milosevic, Milos"]
[Black "Baylav, Can"]
[Result "1/2-1/2"]
[WhiteTitle "FM"]
[WhiteElo "2292"]
[BlackElo "2026"]
[WhiteFideId "964875"]
[BlackFideId "6361293"]
[EventDate "2018.09.05"]

1. e4 c5 2. Nf3 d6 3. Bb5+ Nd7 4. c4 Nf6 5. Nc3 a6 6. Ba4 e6 7. O-O Be7 8. d3
O-O 9. h3 Qc7 10. Be3 Nb6 11. Bb3 d5 12. cxd5 exd5 13. e5 d4 14. exf6 Bxf6 15.
Ne4 dxe3 16. Nxf6+ gxf6 17. fxe3 Qg3 18. Qe1 Qxe1 19. Nxe1 Kg7 20. Rc1 Nd7 21.
d4 b6 22. Nd3 Re8 23. Rf3 Bb7 24. Rg3+ Kf8 25. dxc5 Be4 26. c6 Ne5 27. Nxe5 Rxe5
28. Rg4 Rc8 29. c7 f5 30. Rf4 Re7 31. g4 fxg4 32. hxg4 b5 33. a4 Bb7 34. axb5
axb5 35. Rf5 Rcxc7 36. Rxc7 Rxc7 37. Rxb5 Bc8 38. Rb4 Kg7 39. Kf2 Kg6 40. Kg3
Bd7 41. Rc4 Ra7 42. Bc2+ Kg7 43. g5 h6 44. gxh6+ Kxh6 45. b4 Ra2 46. Rc7 Be6 47.
b5 Rb2 48. Rc5 Bd7 49. Bd3 Rb3 50. Rd5 Be6 51. Rd6 Kg5 52. Rd4 Bf5 53. Bxf5 Kxf5 1/2-1/2

[Event "57th World Juniors 2018"]
[Site "Manavgat TUR"]
[Date "2018.09.07"]
[Round "4.66"]
[White "Cadilhac, Igor Tokuichi Kikuchi"]
[Black "Kilic, Gokturk Kagan"]
[Result "0-1"]
[WhiteTitle "FM"]
[WhiteElo "2286"]
[BlackElo "1910"]
[WhiteFideId "2132150"]
[BlackFideId "6367925"]
[EventDate "2018.09.05"]

1. e4 c5 2. Nf3 e6 3. d4 cxd4 4. Nxd4 a6 5. c4 Nf6 6. Nc3 Bb4 7. Bd3 Nc6 8. Nxc6
dxc6 9. O-O e5 10. Qb3 Bc5 11. Bg5 O-O 12. Rad1 h6 13. Bh4 Qe7 14. Kh1 g5 15.
Bg3 Nh5 16. Ne2 Nf4 17. Bxf4 gxf4 18. Bb1 Kh8 19. Qf3 Rg8 20. Qh5 Rf8 21. Qf3
Rg8 22. Qh5 Qf6 23. f3 Be6 24. b3 Qg5 25. Qxg5 Rxg5 26. Rd3 Rag8 27. g3 fxg3 28.
Nxg3 Bh3 29. Rfd1 h5 30. b4 Bd4 31. f4 exf4 32. Rxd4 fxg3 33. hxg3 Rxg3 34. Rd8
Bg2+ 35. Kh2 Rh3+ 36. Kg1 Rh1+ 37. Kf2 Rxd1 38. Rxd1 h4 39. e5 h3 40. Rd4 Rg5
41. e6 fxe6 42. Be4 Bxe4 43. Rxe4 Rg2+ 44. Kf3 Rxa2 45. Rxe6 h2 46. Rh6+ Kg7 47.
Rh4 b6 48. Ke4 Rb2 49. Kd4 Kg6 50. Kc3 Ra2 51. c5 bxc5 52. bxc5 Kg5 53. Rh8 Kg4
54. Kd4 Kg3 55. Rg8+ Kf2 56. Rf8+ Kg1 57. Rg8+ Rg2 0-1

[Event "57th World Juniors 2018"]
[Site "Manavgat TUR"]
[Date "2018.09.07"]
[Round "4.67"]
[White "Lin, Peisen"]
[Black "Gulbeyaz, Emir"]
[Result "0-1"]
[WhiteElo "2034"]
[BlackElo "2285"]
[WhiteFideId "8611505"]
[BlackFideId "6377076"]
[EventDate "2018.09.05"]

1. e4 g6 2. d4 Bg7 3. Nc3 d6 4. Be3 a6 5. Qd2 b5 6. f3 Bb7 7. Nge2 Nd7 8. d5 c5
9. dxc6 Bxc6 10. Nd4 Bb7 11. a4 b4 12. Na2 a5 13. c3 bxc3 14. Nxc3 Ngf6 15. Bc4
O-O 16. O-O Ne5 17. Ba2 Nfd7 18. f4 Ng4 19. Ne6 fxe6 20. Bxe6+ Kh8 21. Bxg4 Nc5
22. Rae1 Ba6 23. Be2 Bxe2 24. Rxe2 Rb8 25. f5 Rb4 26. Bh6 Nb3 27. Bxg7+ Kxg7 28.
Qg5 Nc5 29. Re3 e6 30. Qg3 Rxb2 31. Ref3 Rb7 32. Qg4 Nd7 33. f6+ Rxf6 34. Rxf6
Nxf6 35. Qxe6 Qb6+ 36. Kh1 Qd4 37. Qc8 Rf7 38. h3 h5 39. Qc6 h4 40. Rd1 Qe5 41.
Rf1 Kh6 42. Qc4 Rb7 43. Qc8 Rb3 44. Nd5 Nh5 45. Qf8+ Qg7 46. Kg1 Qxf8 47. Rxf8
Ng3 48. Re8 Ra3 49. Nb6 Kg5 50. Kf2 Nh1+ 51. Ke2 Kf4 52. Nd5+ Kg3 53. Ne3 Ra2+
54. Kf1 Ra1+ 55. Ke2 Rxa4 56. Re6 Ra2+ 57. Kf1 Kf4 58. Nd5+ Kg5 59. Nc3 Ng3+ 60.
Kg1 Rc2 61. Nd5 a4 62. e5 Kf5 63. Re8 Rc1+ 64. Kf2 dxe5 65. Ra8 Ra1 66. Ra6 a3
67. Ke3 a2 68. Ne7+ Kg5 0-1

[Event "57th World Juniors 2018"]
[Site "Manavgat TUR"]
[Date "2018.09.07"]
[Round "4.70"]
[White "Nurgaliyev, Sauat"]
[Black "Lee, Jun Hyeok"]
[Result "0-1"]
[WhiteTitle "CM"]
[BlackTitle "FM"]
[WhiteElo "1685"]
[BlackElo "2263"]
[WhiteFideId "13726285"]
[BlackFideId "13202340"]
[EventDate "2018.09.05"]

1. d4 g6 2. Nf3 Bg7 3. g3 f5 4. Bg2 Nf6 5. O-O O-O 6. c4 d6 7. Nc3 c6 8. Qc2 Qe8
9. Bg5 e5 10. dxe5 dxe5 11. Rfd1 e4 12. Nd4 Na6 13. Bf4 Qf7 14. b3 Re8 15. a3
Nc5 16. Rac1 Bf8 17. Qb2 h6 18. h4 Nh5 19. Qd2 Rd8 20. Qe3 Nxf4 21. Qxf4 Rxd4
22. Rxd4 Nxb3 23. Rd8 Nxc1 24. Qxc1 Kh7 25. f3 Be7 26. Rd1 exf3 27. Bxf3 Be6 28.
Kg2 Rd8 29. Rxd8 Bxd8 30. c5 g5 31. hxg5 hxg5 32. Qh1+ Kg7 33. Qd1 Bf6 34. Na4
g4 35. Qd2 gxf3+ 36. exf3 Qd7 37. Qa5 Qd3 38. Qxa7 Qe2+ 39. Kh1 Qxf3+ 40. Kh2
Qf2+ 41. Kh3 f4+ 42. g4 Qg3# 0-1

[Event "57th World Juniors 2018"]
[Site "Manavgat TUR"]
[Date "2018.09.07"]
[Round "4.71"]
[White "Nalbant, Tuna Onat"]
[Black "Fleri, Matthew"]
[Result "1-0"]
[WhiteTitle "FM"]
[WhiteElo "2241"]
[BlackElo "1625"]
[WhiteFideId "6372821"]
[BlackFideId "5602165"]
[EventDate "2018.09.05"]

1. e4 c5 2. Nf3 d6 3. d4 cxd4 4. Nxd4 Nf6 5. Nc3 a6 6. Bg5 e6 7. f4 Be7 8. Qf3
Nbd7 9. O-O-O h6 10. Bh4 Qc7 11. Bd3 O-O 12. g4 b5 13. g5 Nh7 14. gxh6 Bxh4 15.
hxg7 Kxg7 16. Rhg1+ Kh8 17. Qg4 Bf6 18. e5 dxe5 19. Bxh7 exf4 20. Bf5 Qd8 21.
Qh5# 1-0

[Event "57th World Juniors 2018"]
[Site "Manavgat TUR"]
[Date "2018.09.07"]
[Round "4.72"]
[White "Zarubitski, Viachaslau"]
[Black "Tasdogen, Dincer"]
[Result "1-0"]
[WhiteTitle "IM"]
[BlackTitle "FM"]
[WhiteElo "2425"]
[BlackElo "2329"]
[WhiteFideId "13509373"]
[BlackFideId "6367097"]
[EventDate "2018.09.05"]

1. e4 c5 2. Nf3 Nc6 3. Bb5 e6 4. O-O Nge7 5. d4 cxd4 6. Nxd4 a6 7. Be2 Nxd4 8.
Qxd4 Nc6 9. Qc3 Qf6 10. Qxf6 gxf6 11. Be3 d5 12. exd5 Nb4 13. Na3 Nxd5 14. Bd2
Bd7 15. c4 Nb4 16. Bc3 Be7 17. Bf3 Bc6 18. Bxc6+ Nxc6 19. Nc2 O-O-O 20. Rfd1
Rxd1+ 21. Rxd1 Rd8 22. Rxd8+ Kxd8 23. g4 Ne5 24. Bxe5 fxe5 25. Kg2 Kd7 26. Kf3
f5 27. Ne3 e4+ 28. Ke2 f4 29. Nd1 Bf6 30. f3 e3 31. Kd3 Kd6 32. Nc3 Ke5 33. c5
Be7 34. b4 a5 35. a3 axb4 36. axb4 Bd8 37. Kc4 Be7 38. Ne2 Bd8 39. Nc1 Kf6 40.
Kd4 Bc7 41. h4 Be5+ 42. Kc4 Bb8 43. Ne2 Bc7 44. b5 Bb8 45. b6 Ke7 46. Kd4 Kf6
47. Ke4 Kg6 48. Ng1 Kf6 49. Kd4 Be5+ 50. Kc4 Bb8 51. Kb5 e5 52. Kc4 Ke6 53. h5
Kf6 54. Kd5 Kg5 55. Ke4 Kh4 56. Ne2 Kg5 57. Nc3 Kh4 58. Kd3 Kg5 59. Ne4+ Kh6 60.
Nf6 Kg7 61. Nd7 Kh6 62. Nxb8 Kg5 63. Nd7 e4+ 64. Ke2 Kh4 65. Ne5 1-0

[Event "57th World Juniors 2018"]
[Site "Manavgat TUR"]
[Date "2018.09.07"]
[Round "4.73"]
[White "Tuna, Alp"]
[Black "Huber, Martin Christian"]
[Result "0-1"]
[WhiteTitle "FM"]
[BlackTitle "IM"]
[WhiteElo "2253"]
[BlackElo "2390"]
[WhiteFideId "6372910"]
[BlackFideId "1623435"]
[EventDate "2018.09.05"]

1. e4 c5 2. Nf3 e6 3. g3 Nc6 4. Bg2 Nf6 5. d3 d5 6. Nbd2 Be7 7. O-O O-O 8. Re1
Re8 9. e5 Nd7 10. Nf1 b5 11. h4 a5 12. N1h2 b4 13. h5 a4 14. Ng4 Ba6 15. Bf4 Nd4
16. Nxd4 cxd4 17. b3 Bb5 18. Qd2 Rc8 19. Bf3 Rc3 20. Kg2 Qc8 21. Bd1 Qc5 22. Bg5
Bf8 23. Rh1 Ra8 24. Rb1 axb3 25. axb3 Ra2 26. Qf4 Rcxc2 27. Bxc2 Rxc2 28. Rbd1
Rc3 29. Rh4 Bxd3 30. Nh6+ gxh6 31. Rxd3 f5 32. exf6 Kf7 33. Rxd4 Bd6 34. Qd2
hxg5 35. Qxg5 Nxf6 36. h6 Be7 37. Rxb4 Ke8 38. Qe5 Qc6 39. Rb8+ Kd7 40. Ra4 d4+
41. Kf1 Qh1+ 42. Ke2 Rc2+ 0-1

[Event "57th World Juniors 2018"]
[Site "Manavgat TUR"]
[Date "2018.09.07"]
[Round "4.74"]
[White "Maltezeanu, Stefan"]
[Black "Murphy, Conor E"]
[Result "0-1"]
[BlackTitle "FM"]
[WhiteElo "2089"]
[BlackElo "2357"]
[WhiteFideId "4004655"]
[BlackFideId "421669"]
[EventDate "2018.09.05"]

1. e4 e5 2. Nf3 Nc6 3. Bb5 a6 4. Ba4 Nf6 5. O-O Be7 6. Re1 b5 7. Bb3 d6 8. c3
O-O 9. h3 Nb8 10. d4 Nbd7 11. Nbd2 Bb7 12. Bc2 Re8 13. Nf1 Bf8 14. Ng3 g6 15. a4
c5 16. d5 c4 17. Be3 Nc5 18. Bxc5 dxc5 19. Qd2 Re7 20. Qg5 Bg7 21. Nh4 Ne8 22.
axb5 Bf6 23. Qh6 Rc7 24. Nf3 Bg7 25. Qg5 Bf6 26. Qh6 axb5 27. Nf1 Rcc8 28. Qe3
Qc7 29. N1h2 Bg7 30. Red1 Rcb8 31. Ng4 f6 32. Nh6+ Bxh6 33. Qxh6 Bc8 34. g4 Nd6
35. g5 Qg7 36. Qxg7+ Kxg7 37. gxf6+ Kxf6 38. Kg2 b4 39. Rxa8 Rxa8 40. Kg3 b3 41.
Bb1 g5 42. h4 g4 43. Nd2 Bd7 44. f4 gxf3 45. Rf1 Rg8+ 46. Kxf3 Ke7 47. Rh1 Bg4+
48. Kf2 Bh5 49. Rh2 Rg4 50. Rh1 Rf4+ 51. Ke3 Kf7 52. Rf1 Rxf1 53. Nxf1 Kg6 54.
Kf2 Bg4 55. Ng3 Bd7 56. Ke3 Kf6 57. Kf2 Nc8 58. Nf1 Nb6 59. Ne3 Ke7 60. Ke2 Bb5
61. Kd2 Na4 62. Kc1 Nb6 63. Ng4 Nd7 64. Kd2 Ba6 65. Ke3 Kf7 66. Kf3 Ke7 67. Ke3
h5 68. Nh6 Nf6 69. Nf5+ Kd7 70. Kf3 Ne8 71. Ke3 Bc8 72. Kf3 Kd8 73. Ne3 Nd6 74.
Kg3 Ke7 75. Kf3 Kf6 76. Kg3 Bd7 77. Kf3 Be8 78. Nf1 Bb5 79. Ke3 Bd7 80. Kf2 Bg4
81. Ne3 Kg6 82. Nf1 Nc8 83. Ke1 Nb6 84. Kd2 Kf6 85. Ne3 Bf3 86. Nf5 Na4 87. Kc1
Be2 88. Nd6 Nb6 89. Kd2 Bg4 90. Nb7 Ke7 91. Nxc5 Bc8 92. Nd3 cxd3 93. Bxd3 Bg4
94. c4 Na4 95. Bf1 Kd6 96. Kd3 Kc5 97. Kd2 Kd4 98. Be2 Bxe2 99. Kxe2 Kxe4 100.
d6 Nc5 101. Kd2 Kd4 102. Ke2 Kxc4 103. Ke3 Kd5 104. d7 Nxd7 105. Kd3 0-1

[Event "57th World Juniors 2018"]
[Site "Manavgat TUR"]
[Date "2018.09.07"]
[Round "4.77"]
[White "Hollan, Martin"]
[Black "Dionizio, Andre Filipe Nasciment"]
[Result "1-0"]
[WhiteTitle "FM"]
[WhiteElo "2336"]
[BlackElo "2010"]
[WhiteFideId "360937"]
[BlackFideId "1920294"]
[EventDate "2018.09.05"]

1. d4 d5 2. c4 e6 3. Nc3 Nf6 4. Bg5 Be7 5. e3 a6 6. cxd5 exd5 7. Bd3 O-O 8. Qc2
h6 9. Bh4 Nbd7 10. Nge2 c5 11. dxc5 Nxc5 12. O-O b5 13. Rad1 Nxd3 14. Bxf6 Bxf6
15. Qxd3 Bb7 16. b4 Qe7 17. a3 Rfd8 18. Nd4 Rac8 19. Nce2 Qe4 20. Nb3 Qxd3 21.
Rxd3 Rc2 22. Nc5 Bc8 23. Nf4 d4 24. e4 Be7 25. Nb3 Bb7 26. f3 g5 27. Nh5 Ra2 28.
Ra1 Rxa1+ 29. Nxa1 a5 30. Nc2 axb4 31. axb4 Rc8 32. Nxd4 Rd8 33. Kf2 Bxb4 34.
Ke2 Ba6 35. Nf6+ Kh8 36. Nd5 Bc5 37. Nc6 Rd6 38. Ncb4 Bc8 39. Rc3 1-0

[Event "57th World Juniors 2018"]
[Site "Manavgat TUR"]
[Date "2018.09.07"]
[Round "4.80"]
[White "Akdogan, Alperen"]
[Black "Caglar, Ahmet Ata"]
[Result "1-0"]
[WhiteTitle "FM"]
[WhiteElo "2278"]
[BlackElo "2071"]
[WhiteFideId "6347363"]
[BlackFideId "6328636"]
[EventDate "2018.09.05"]

1. d4 Nf6 2. c4 g6 3. Nc3 Bg7 4. e4 d6 5. Nf3 O-O 6. h3 Na6 7. Bg5 e5 8. d5 h6
9. Be3 Nc5 10. Nd2 a5 11. Be2 Ne8 12. g4 c6 13. Qc2 Bd7 14. h4 a4 15. h5 g5 16.
Bxc5 dxc5 17. Nxa4 cxd5 18. Nxc5 d4 19. Nd3 Nc7 20. O-O Ne6 21. Rfc1 Nf4 22. Nf1
f5 23. gxf5 g4 24. Ng3 Qh4 25. Bf1 Bf6 26. Qb3 Bc6 27. Nb4 Bg5 28. Nd5 Nxh5 29.
Nxh5 Qxh5 30. Re1 Bxd5 31. cxd5 Bf4 32. Bg2 Qh2+ 33. Kf1 h5 34. d6+ Kh8 35. Rac1
Bxc1 36. Rxc1 h4 37. Qe6 Qf4 38. Rc7 Qg5 39. Qxe5+ Qf6 40. Qxf6+ Rxf6 41. d7 Rc6
42. Rxc6 bxc6 43. e5 Kg7 44. Bxc6 Rd8 45. Ke2 h3 46. Kd3 h2 47. e6 Kf6 48. a4
Ke7 49. a5 1-0

[Event "57th World Juniors 2018"]
[Site "Manavgat TUR"]
[Date "2018.09.07"]
[Round "4.82"]
[White "Yilmaz, Goktan"]
[Black "Daghan, Devran"]
[Result "1-0"]
[WhiteTitle "CM"]
[WhiteElo "2237"]
[BlackElo "2004"]
[WhiteFideId "6354904"]
[BlackFideId "6371930"]
[EventDate "2018.09.05"]

1. e4 c5 2. Nf3 d6 3. d4 cxd4 4. Nxd4 Nf6 5. Nc3 a6 6. Be3 e5 7. Nf3 Be7 8. Bc4
O-O 9. O-O Nbd7 10. a4 Qc7 11. Qe2 b6 12. Rad1 Bb7 13. Bg5 h6 14. Bxf6 Nxf6 15.
Rfe1 Rfc8 16. Bb3 Qc5 17. Nh4 Bc6 18. Nf5 Re8 19. Qf3 Bd7 20. Nd5 Bxf5 21. Qxf5
Ra7 22. Ne3 Bf8 23. Qf3 Qc8 24. Nf5 Qd8 25. Qg3 Kh7 26. Rxd6 Qc8 27. Qf3 Bxd6
28. Nxd6 Qc6 29. Nxe8 Qxe8 30. Rd1 Qe7 31. Qe3 Rd7 32. Bd5 Qb4 33. b3 g6 34. f3
Kg7 35. c3 Qc5 36. Qxc5 bxc5 37. b4 cxb4 38. cxb4 Nxd5 39. Rxd5 Rb7 40. b5 axb5
41. axb5 Kf6 42. Kf2 Ke6 43. Ke3 h5 44. Kd3 h4 45. Kc4 g5 46. Rc5 Rd7 47. b6 1-0

[Event "57th World Juniors 2018"]
[Site "Manavgat TUR"]
[Date "2018.09.08"]
[Round "5.1"]
[White "Harsha, Bharathakoti"]
[Black "Maghsoodloo, Parham"]
[Result "0-1"]
[WhiteTitle "IM"]
[BlackTitle "GM"]
[WhiteElo "2474"]
[BlackElo "2649"]
[WhiteFideId "5078776"]
[BlackFideId "12539929"]
[EventDate "2018.09.05"]

1. d4 Nf6 2. c4 e6 3. Nc3 Bb4 4. e3 O-O 5. Bd2 b6 6. Nf3 Bb7 7. Bd3 a5 8. O-O d5
9. cxd5 exd5 10. Ne5 Nbd7 11. f4 c5 12. a3 Bxc3 13. Bxc3 c4 14. Bf5 b5 15. Qe1
Nb8 16. Rd1 Ne8 17. Rf3 Nd6 18. Bc2 Ne4 19. Rh3 Bc8 20. g4 Ra7 21. Bxe4 dxe4 22.
d5 f6 23. Nc6 Nxc6 24. dxc6 Qe8 25. Qh4 h6 26. Rg3 Qxc6 27. g5 fxg5 28. fxg5 Rd7
29. gxh6 Rxd1+ 30. Kg2 g6 31. h7+ Kf7 32. h8=Q Rxh8 33. Qxh8 Bf5 34. Qg7+ Ke8
35. Qg8+ Kd7 36. Bxa5 Qf6 37. Bc3 Bh3+ 38. Kxh3 Qf5+ 0-1